000 00897nam a2200205 i 4500
001 160563
003 ES-MaACL
005 20230906212054.0
008 950206s1877 sp |||| | spa d
040 _aCLM
_bspa
_cCCPB | PA2
100 1 _aNavarro Soler, Diego.
_9130405
245 1 3 _aLa atmósfera en sus relaciones con la agricultura y el pronóstico del tiempo
_b: obra indispensable á los agricultores de utilidad para los marinos, medicos higienistas y demás clases sociales /
_cpor el coronel Diego Navarro Soler.
260 _aMadrid :
_b[s.n.],
_c1877 (
_fImp. de Manuel G. Hernandez)
300 _aXII, 464 p. ;
_c18 cm.
530 _aDisponible en formato digital.
597 _aAntep.
650 4 _aMeteorología agrícola.
_9161120
852 _aES-MaACL
_jG-7868
_z-- Enc. hol.
856 _uhttp://bdh-rd.bne.es/viewer.vm?id=0000114579&page=1
_zBiblioteca Digital Hispánica
999 _c160563
_d160563